000 00684nam a2200253Ia 4500
003 OSt
005 20221007103527.0
006 a|||||r|||| 00| 0
007 ta
008 221006b |||||||| |||| 00| 0 eng d
024 _a13,429
037 _cTextual
040 _aLCO
_cLCO
_beng
041 _2eng
_aeng
082 _aZ73,91, L9
100 _aBrantingham P.J.
_9705174
245 0 _aStructure,Law and Power
260 _aBeverly
_bHills Sage Publications London
_c1979
300 _a160
650 _aLaw and Power
_9705175
700 _a Kress J.M.
_9705176
942 _hZ73,91, L9
_cTEXL
999 _c1182992
_d1182992